Les pays ayant accueillis une finale de Ligue des Champions - Statistiques

Statistiques générales
  • Ce quiz a été pris 388 fois
    183 depuis la dernière actualisation
  • Le résultat moyen est 15 sur 17
Statistiques - réponses
Nombres d'éditions Pays % Correct
8 Allemagne
99%
8 Espagne
99%
5 France
99%
9 Italie
99%
8 Angleterre
98%
4 Portugal
98%
1 Russie
94%
3 Pays-Bas
93%
4 Belgique
92%
1 Suisse
92%
2 Turquie
90%
1 Ukraine
83%
4 Autriche
82%
3 Grèce
81%
3 Écosse
77%
1 Pays de Galles
68%
1 Yougoslavie
41%
Aucun quiz correspondant
Distribution des résultats
% des personnes avec chaque résultat
Percentile par nombre de réponses
Votre historique - résultats
Vous n’avez pas pris ce quiz depuis la dernière actualisation